Manual de instrucciones. (Record no. 97020)

MARC details
000 -LEADER
campo de control de longitud fija 00435nam a2200145 i 4500
001 - NÚMERO DE CONTROL
campo de control 97020
003 - IDENTIFICADOR DE NÚMERO DE CONTROL
campo de control ES-MaACL
005 - FECHA Y HORA DE LA ÚLTIMA TRANSACCIÓN
campo de control 20230906182024.0
007 - CAMPO FIJO DE DESCRIPCIÓN FÍSICA--INFORMACIÓN GENERAL
campo de control de longitud fija t|
008 - DATOS DE LONGITUD FIJA--INFORMACIÓN GENERAL
campo de control de longitud fija 050705s1966 sp ||||1| spa d
245 00 - MENCIÓN DEL TÍTULO
Título Manual de instrucciones.
Resto del título : cosechadora Massey-Ferguson...
260 ## - PUBLICACIÓN, DISTRIBUCIÓN, ETC.
Lugar de publicación, distribución, etc. Pamplona :
Nombre del editor, distribuidor, etc. [s.n.],
Fecha de publicación, distribución, etc. 1966 (
Fabricante Gráf. Irujo)
300 ## - DESCRIPCIÓN FÍSICA
Extensión 74 p. con 2 lám. una pleg. :
Otras características físicas il. ;
Dimensiones 21 cm.
852 ## - LOCALIZACIÓN
Ubicación ES-MaACL
Número de control de estantería C-29378
Sublocalización o colección R.59691
Holdings
Estatus retirado Estado de pérdida Estado de daño No para préstamo Biblioteca de origen Biblioteca actual Ubicación en estantería Fecha de adquisición Fuente de adquisición Total de préstamos Signatura topográfica completa Código de barras Visto por última vez Precio de reemplazo Tipo de ítem Koha
        Biblioteca del Ateneo de Madrid Biblioteca del Ateneo de Madrid Depósito 2 17/01/2008     C-29378 1101290 23/02/2023 23/02/2023 Libro impreso